Fort William--India House correspondence, and other contemporary papers relating thereto, Vol.-2, 1757-1759 / (Record no. 22463)

MARC details
000 -LEADER
fixed length control field 01441nam a22003377a 4500
001 - CONTROL NUMBER
control field 3085088
003 - CONTROL NUMBER IDENTIFIER
control field BDDh-ASL
005 - DATE AND TIME OF LATEST TRANSACTION
control field 20231015030133.0
007 - PHYSICAL DESCRIPTION FIXED FIELD--GENERAL INFORMATION
fixed length control field hduafb---bacp
007 - PHYSICAL DESCRIPTION FIXED FIELD--GENERAL INFORMATION
fixed length control field hdubfb---baap
008 - FIXED-LENGTH DATA ELEMENTS--GENERAL INFORMATION
fixed length control field 980205m19589999ii ab ab f001 0 eng
010 ## - LIBRARY OF CONGRESS CONTROL NUMBER
LC control number 97908417
025 ## - OVERSEAS ACQUISITION NUMBER
Overseas acquisition number NBIL-10891
040 ## - CATALOGING SOURCE
Original cataloging agency DLC
Transcribing agency DLC
Modifying agency BDDh-ASL
042 ## - AUTHENTICATION CODE
Authentication code lcode
043 ## - GEOGRAPHIC AREA CODE
Geographic area code a-ii---
050 00 - LIBRARY OF CONGRESS CALL NUMBER
Classification number Microfilm BUL-ENG-323 (D)
082 ## - DEWEY DECIMAL CLASSIFICATION NUMBER
Classification number 954
Item number FOR
245 00 - TITLE STATEMENT
Title Fort William--India House correspondence, and other contemporary papers relating thereto, Vol.-2, 1757-1759 /
Statement of responsibility, etc. edited by H. N. Sinha.
260 ## - PUBLICATION, DISTRIBUTION, ETC.
Place of publication, distribution, etc. Delhi :
Name of publisher, distributor, etc. Published for the National Archives of India, by the Manager of Publications, Govt. of India,
Date of publication, distribution, etc. 1957.
300 ## - PHYSICAL DESCRIPTION
Extent v-2, 512 p. :
Other physical details ill., maps ;
Dimensions 26 cm.
440 #0 - SERIES STATEMENT/ADDED ENTRY--TITLE
Title Indian records series.
Name of part/section of a work Public series
504 ## - BIBLIOGRAPHY, ETC. NOTE
Bibliography, etc. note Includes bibliographical references and index.
533 ## - REPRODUCTION NOTE
Type of reproduction Microfilm.
Place of reproduction New Delhi :
Agency responsible for reproduction Library of Congress Office ;
Place of reproduction Chicago :
Agency responsible for reproduction Available from Center for Research Libraries,
Date of reproduction 1997- .
Physical description of reproduction On 1 microfilm reel with other items ; 35 mm.
Series statement of reproduction (SAMP early 20th-century Indian books project ; item 10891)
Note about reproduction Master microform held by: ICRL.
651 #0 - SUBJECT ADDED ENTRY--GEOGRAPHIC NAME
Geographic name India
General subdivision History
Chronological subdivision 18th century
General subdivision Sources.
700 1# - ADDED ENTRY--PERSONAL NAME
Personal name Sinha, H. N.
9 (RLIN) 3228
830 #0 - SERIES ADDED ENTRY--UNIFORM TITLE
Uniform title SAMP early 20th-century Indian books project ;
Volume/sequential designation item 10891.
906 ## - LOCAL DATA ELEMENT F, LDF (RLIN)
a 7
b cbc
c origode
d 5
e ncip
f 19
g y-genmicro
942 ## - ADDED ENTRY ELEMENTS (KOHA)
Source of classification or shelving scheme Dewey Decimal Classification
Koha item type Books
Holdings
Withdrawn status Lost status Source of classification or shelving scheme Damaged status Not for loan Collection code Home library Current library Shelving location Date acquired Source of acquisition Serial Enumeration / chronology Total Checkouts Full call number Barcode Date last seen Copy number Price effective from Koha item type Public note
    Dewey Decimal Classification Damaged Not For Loan Non-fiction Asiatic Society Library Asiatic Society Library General Stacks 02/27/2021 ASB Library Collections V-2   954 FOR 106724 02/27/2021 C-1 02/27/2021 Books RARE

Powered by Koha